Monitorovanie vychýlenia stožiara
Gespeichert in:
| 1. Verfasser: | |
|---|---|
| Weitere Verfasser: | |
| Format: | Manuskript Buch |
| Sprache: | Slowakisch |
| Veröffentlicht: |
Bratislava :
STU v Bratislave FEI,
2023
|
| Schlagworte: | |
| Online-Zugang: | https://opac.crzp.sk/?fn=detailBiblioFormChildG17KH&sid=EC7951772ACC837B5F7CC7A56A1E&seo=CRZP-detail-kniha |
| Tags: |
Keine Tags, Fügen Sie das erste Tag hinzu!
|
MARC
| LEADER | 00000ntm a22000003a 4500 | ||
|---|---|---|---|
| 001 | stuzp88389 | ||
| 003 | SK-STU | ||
| 005 | 20241125131040.8 | ||
| 007 | ta | ||
| 008 | 150427s2015----xo-----f-mn---000-0-slo-d | ||
| 040 | |a STU |b slo | ||
| 041 | 0 | |a slo | |
| 044 | |a xo | ||
| 100 | 1 | |a Hlinka, Marek |u 034000 |4 aut |U FEI Fakulta elektrotechniky a informatiky |T FEI Ústav elektrotechniky |X 98089 |U E040 |Y 550 |7 98089 | |
| 242 | 0 | 1 | |a Monitoring of mast oscillation |y eng |
| 245 | 1 | 0 | |a Monitorovanie vychýlenia stožiara |
| 260 | |a Bratislava : |b STU v Bratislave FEI, |c 2023 | ||
| 300 | |a 73 s. | ||
| 650 | 4 | |a Arduino |2 slo | |
| 650 | 4 | |a akcelerometer |2 slo | |
| 650 | 4 | |a meranie vzdialenosti |2 slo | |
| 650 | 4 | |a anténny stožiar |2 slo | |
| 650 | 4 | |a Arduino |2 eng | |
| 650 | 4 | |a accelerometer |2 eng | |
| 650 | 4 | |a distance measurement |2 eng | |
| 650 | 4 | |a antenna mast |2 eng | |
| 700 | 1 | |a Halgoš, Ján |u 034000 |k Z2 |4 ths |U FEI Fakulta elektrotechniky a informatiky |T FEI Ústav elektrotechniky |X 90059 |U E040 |Y 550 |7 90059 | |
| 856 | 4 | |u https://opac.crzp.sk/?fn=detailBiblioFormChildG17KH&sid=EC7951772ACC837B5F7CC7A56A1E&seo=CRZP-detail-kniha | |